Fr. Conceicao Rodrigues College of Engineering

Computer architecture and organisation (Record no. 21004)

MARC details
000 -LEADER
fixed length control field 00323nam a2200145Ia 4500
100 ## - MAIN ENTRY--PERSONAL NAME
Personal name Hayes /John P.
250 ## - EDITION STATEMENT
Edition statement 2
245 ## - TITLE STATEMENT
Title Computer architecture and organisation
260 ## - PUBLICATION, DISTRIBUTION, ETC.
Name of publisher, distributor, etc. McGraw Hill
Place of publication, distribution, etc. New york
Date of publication, distribution, etc. 1988
300 ## - PHYSICAL DESCRIPTION
Extent 702
546 ## - LANGUAGE NOTE
Language note ENGLISH
654 ## - SUBJECT ADDED ENTRY--FACETED TOPICAL TERMS
Focus term Computer architecture
942 ## - ADDED ENTRY ELEMENTS (KOHA)
Koha item type BOOK
Holdings
Withdrawn status Lost status Damaged status Not for loan Collection Home library Current library Shelving location Date acquired Total Checkouts Full call number Barcode Date last seen Price effective from Koha item type
        CRC Fr. Agnel's C.Rodrigues College of Engineering Fr. Agnel's C.Rodrigues College of Engineering   17/03/2023   9100 17/03/2023 17/03/2023 BOOK